000
00402nam a22001577a 4500
003
MPLRDC
005
20220104113832.0
008
210129b ||||| |||| 00| 0 eng d
082
_a
220.7 QHWSS c.2
100
_a
清海无上师
245
_a
即刻开悟之钥
_c
260
_a
_b
清海无上师吉隆坡禅 定学会
_c
1993
300
_b
平
650
_a
佛教杂论
942
_c
BK
_o
220.7 QHWSS c.2
999
_c
2734
_d
2724